Complete Anthropology/ (Record no. 204022)

MARC details
000 -LEADER
fixed length control field 00610nam a22001937a 4500
005 - DATE AND TIME OF LATEST TRANSACTION
control field 20240708155833.0
010 ## - LCCN (DPL NO)
LC control number ENG-140835
020 ## - INTERNATIONAL STANDARD BOOK NUMBER
International Standard Book Number 9789355328830
Terms of availability 795.00
035 ## - SYSTEM CONTROL NUMBER
System control number EN-124367
037 ## - SOURCE OF ACQUISITION
Source of stock number/acquisition DBAD
082 ## - DEWEY DECIMAL CLASSIFICATION NUMBER
Edition number 1
Classification number 301
100 ## - MAIN ENTRY--PERSONAL NAME
Personal name Vardhan, P Vishnu
245 ## - TITLE STATEMENT
Title Complete Anthropology/
Statement of responsibility, etc By P Vishnu Vardhan
250 ## - EDITION STATEMENT
Edition statement 1
260 ## - PUBLICATION, DISTRIBUTION, ETC. (IMPRINT)
Place of publication, distribution, etc Noida
Name of publisher, distributor, etc Pearson India Education
Date of publication, distribution, etc 2024
270 ## - ADDRESS
Address 15th floor, Tower- B, World Trade Tower, plot No.1, Block -C, Sector-16, Noida,
City Uttar Pradesh
Postal code 201301
300 ## - PHYSICAL DESCRIPTION
Extent vpp.
Dimensions 26cm(pbk)
Other physical details Index
942 ## - ADDED ENTRY ELEMENTS (KOHA)
Source of classification or shelving scheme Dewey Decimal Classification
Item type English Books
Classification part 301
Call number suffix VAR
Edition 1
Holdings
Withdrawn status Lost status Not for loan Collection code Home library Current library Date acquired Source of acquisition Cost, normal purchase price Full call number Barcode Copy number Cost, replacement price Koha item type
      Non-fiction New Police Line New Police Line 08/07/2024 DBAD 795.00 301 VAR EN-124367 1 795.00 English Books

© Delhi Public Library
Hit Counter
free hit counter